Metodología de la historia

Gardado en:
Detalles Bibliográficos
Autor Principal: Topolsky, Jerzy (Author)
Formato: Libro
Idioma:Lingua castelá
Publicado: Madrid Cátedra 1985
Edición:2a. ed
Series:Colección Historia, Serie Mayor
Subjects:
Tags: Engadir etiqueta
Sen Etiquetas, Sexa o primeiro en etiquetar este rexistro!

MARC

LEADER 00000nam a2200000 a 4500
001 UCW3216
003 CL-VaPUC
008 880519e19850000SP |||||||||||||||||spa|d
082 0 4 |a 372.89  |b TOP  |2 21 
100 0 |a Topolsky, Jerzy  |e author  |9 307324 
245 1 0 |a Metodología de la historia 
250 |a 2a. ed 
300 |a 519 p 
942 |c BK 
945 |d 19880519 00:00:00 
260 |a Madrid  |b Cátedra  |c 1985 
650 0 |a Historia de la educación   |9 257642 
583 |a last modification  |c 20170925 04:02:08  |k Rodrigo Vera 
490 0 |a Colección Historia, Serie Mayor 
999 |c 217336  |d 217334 
952 |0 0  |1 0  |4 0  |6 372_890000000000000_TOP_1985  |7 0  |8 P  |9 204656  |a BIBEDU  |b BIBEDU  |c BIBEDU_PB  |d 2019-11-15  |i 2724529  |o 372.89 TOP 1985  |p 2724529  |r 2024-01-25  |w 2019-11-15  |y BK  |k EDU 
952 |0 0  |1 0  |4 0  |6 372_890000000000000_TOP_1985  |7 0  |8 P  |9 204657  |a BIBEDU  |b BIBEDU  |c BIBEDU_PB  |d 2019-11-15  |i 2724537  |o 372.89 TOP 1985  |p 2724537  |r 2024-01-25  |w 2019-11-15  |y BK  |k EDU